000
00199 a2200097 4500
001
11007
100
_a
M. Munir
245
_a
From Jinnah to Zia
260
_a
_b
Vangard Book
_c
090
_c
8575
_d
8575
942
_a
NUST-CAE
_c
M
_c
35350
999
_c
246080
_d
246080